| 000 | 01106cam a2200241 4500 | ||
|---|---|---|---|
| 008 | 011017n2000 000 0 eng u | ||
| 020 | _a0632055294 | ||
| 035 | _a(Sirsi) u115173 | ||
| 041 | _aeng | ||
| 050 | _a693.5 | ||
| 100 | _aElliott, K. | ||
| 245 | _aMulti-storey precast concrete framed structures | ||
| 260 |
_bBlackwell Science _c2000 |
||
| 300 |
_axxi,601p. _bill. _c25cm. |
||
| 350 | _a42.50 | ||
| 520 | _aA useful reference for structural engineers and architects which covers the design, detailing and construction of precast concrete framed structures. Structural design methods discussed include frame and component analysis, precast floors, composite construction, diaphragm action, connections and frame stability. Also includes sections on design for robustness and temporary stability during frame erection. Includes numerous worked examples and model calculations. | ||
| 650 | _aPRECAST CONCRETE FRAMED BUILDINGS | ||
| 650 | _aCONCRETE STRUCTURES | ||
| 650 | _aCONCRETE | ||
| 650 | _aCONCRETE FRAMES | ||
| 690 | _aBUILT ENVIRONMENT-CONSTRUCTION DESIGN | ||
| 942 | _n0 | ||
| 999 |
_c101723 _d101723 |
||